Hottest Capital Cities with Exceptions - Statistics

General Stats
  • This quiz has been taken 16,072 times
  • The average score is 11 of 20
Answer Stats
°C °F City % Correct
31.4 88.5 New Delhi
87%
33.3 91.9 Riyadh
79%
33.3 91.9 Bangkok
74%
34.5 94.0 Abu Dhabi
72%
30.6 87.1 Baghdad
72%
34.3 93.7 Kuwait City
67%
31.1 88.0 Manila
66%
32.7 90.9 Doha
65%
32.4 90.3 Kuala Lumpur
65%
31.0 87.8 Singapore
64%
33.3 92.0 Muscat
60%
32.9 91.2 Phnom Penh
50%
33.8 92.8 Panama City
49%
30.7 87.2 Sri Jayawardenepura Kotte
46%
31.1 88.0 Vientiane
42%
32.5 90.5 Naypyidaw
37%
31.4 88.5 Kingston
32%
32.8 91.2 Port-au-Prince
31%
31.3 88.3 Port Moresby
31%
31.8 89.2 Managua
28%
No matching quizzes found
Score Distribution
Percent of People with Each Score
Percentile by Number Answered
Your Score History
You have not taken this quiz